|
|
|
|
| LEADER |
00000nab a2200000 a 4500 |
| 001 |
vtls000503481 |
| 003 |
SK-MaSNL |
| 005 |
20260304100210.0 |
| 008 |
250425c1993 xo 0 slo |
| 015 |
|
|
|a SNBRB19rr/mm-uuuuu
|
| 035 |
|
|
|a CL0503619
|
| 035 |
|
|
|a urn:nbn:sk:snk-ab9wg8
|
| 035 |
|
|
|a (urnnbn)urn:nbn:sk:snk:ar-a092eq
|
| 035 |
|
|
|a (uuid)a107f33e-97a1-4f50-a149-12550a9f9c35
|
| 040 |
|
|
|a SNKBUCL
|b slo
|c SNKBUCL
|e AACR2
|
| 041 |
0 |
|
|a slo
|
| 044 |
|
|
|a xo
|c SK
|
| 080 |
|
|
|a 301.19
|2 1981
|
| 100 |
1 |
|
|a Kvasničková, Adela,
|d 1947-
|4 aut
|9 206564
|
| 245 |
1 |
0 |
|a Do sociologického slovníčka: Postmoderna
|c Adela Kvasničková
|
| 650 |
0 |
7 |
|a postmodernizmus
|2 snkbucl
|9 4085
|
| 655 |
|
7 |
|a články z novín a časopisov
|2 snkbucl
|9 267496
|
| 773 |
0 |
|
|t Verbum
|g Roč. 4, č. 4 (1993), s. 205-210
|x 1210-1605
|
| 850 |
|
|
|a Slovenská národná knižnica
|
| 852 |
|
|
|a Slovenská národná knižnica
|
| 954 |
|
|
|a odborná, vedecká literatúra pôvodná (slovenská)
|2 lita
|
| 958 |
|
|
|a article13
|
| 958 |
|
|
|a OND
|
| 958 |
|
|
|a RK
|
| 958 |
|
|
|a EUIPO
|
| 992 |
|
|
|a RBX
|
| 999 |
|
|
|c 2836749
|d 2838679
|